000 00677nam a2200253Ia 4500
003 OSt
005 20221005070109.0
006 a|||||r|||| 00| 0
007 ta
008 221004b |||||||| |||| 00| 0 mar d
024 _a40166
037 _cTextual
040 _aCRL
_cCRL
_bmar
041 _2mar
_amar
082 _aB9, 155P7
100 _aNarlikar Jayant vishnu
_948276
245 0 _aKagolsastrachy visav
260 _aMumbai
_bSahitya sanskrit mandal India
300 _a216p.
_ccm.
650 _a MATHEMATICS
650 _aMARATHI LITERATURE
_938000
942 _hB9, 155P7
_cTEXL
_2cc
999 _c975666
_d975666